Khảo sát thành phần hóa học vỏ cây ô môi (Cassia Grandis L.f) ở Cần Thơ : Báo cáo tổng kết đề tài nghiên cứu Khoa học của sinh viên

Đề tài ly trích, cô lập các hợp chất từ vỏ cây ô môi và xác định cấu trúc các hợp chất cô lập được, thử nghiệm hoạt tính kháng oxi hóa các cao chiết và các hợp chất tinh khiết đã cô lập....

पूर्ण विवरण

में बचाया:
ग्रंथसूची विवरण
मुख्य लेखक: Trương, Cao Thuần
स्वरूप: पुस्तक
भाषा:Undetermined
प्रकाशित: Cần Thơ Trường Đại học Cần Thơ 2013
विषय:
टैग : टैग जोड़ें
कोई टैग नहीं, इस रिकॉर्ड को टैग करने वाले पहले व्यक्ति बनें!
Thư viện lưu trữ: Trung tâm Học liệu Trường Đại học Cần Thơ
LEADER 01188nam a2200229Ia 4500
001 CTU_205694
008 210402s9999 xx 000 0 und d
082 |a 543 
082 |b Th502 
088 |a TSV2013-52 
100 |a Trương, Cao Thuần 
245 0 |a Khảo sát thành phần hóa học vỏ cây ô môi (Cassia Grandis L.f) ở Cần Thơ : 
245 0 |b Báo cáo tổng kết đề tài nghiên cứu Khoa học của sinh viên 
245 0 |c Trương Cao Thuần (Chủ nhiệm đề tài) ; Ngô Quốc Luân (Cán bộ hướng dẫn) 
260 |a Cần Thơ 
260 |b Trường Đại học Cần Thơ 
260 |c 2013 
520 |a Đề tài ly trích, cô lập các hợp chất từ vỏ cây ô môi và xác định cấu trúc các hợp chất cô lập được, thử nghiệm hoạt tính kháng oxi hóa các cao chiết và các hợp chất tinh khiết đã cô lập. 
650 |a Chemistry, analytic,Hóa học phân tích 
904 |i Hải 
915 |a SP 
980 |a Trung tâm Học liệu Trường Đại học Cần Thơ